Education for christian living: (Record no. 33559)

MARC details
000 -LEADER
fixed length control field 00867nam a22001697a 4500
008 - FIXED-LENGTH DATA ELEMENTS--GENERAL INFORMATION
fixed length control field 090225t xxu||||| |||| 00| 0 eng d
050 ## - LIBRARY OF CONGRESS CALL NUMBER
Classification number BV1471.1
Item number .E38 1987
245 ## - TITLE STATEMENT
Title Education for christian living:
Remainder of title strategies for nurture based on biblical and historical foundations
Statement of responsibility, etc edited Marvin L. Roloff
260 ## - PUBLICATION, DISTRIBUTION, ETC. (IMPRINT)
Place of publication, distribution, etc Minneapolis
Name of publisher, distributor, etc Augsburgh publishing house
Date of publication, distribution, etc 1987
300 ## - PHYSICAL DESCRIPTION
Extent 236 p.;
Dimensions 23cm.
500 ## - GENERAL NOTE
General note includes bibliographical references and index
650 ## - SUBJECT ADDED ENTRY--TOPICAL TERM
Topical term following geographic name as entry element Christian education
700 ## - ADDED ENTRY--PERSONAL NAME
Fuller form of name Roloff, Marvin
942 ## - ADDED ENTRY ELEMENTS (KOHA)
Source of classification or shelving scheme Library of Congress Classification
Item type Book
Holdings
Withdrawn status Lost status Source of classification or shelving scheme Damaged status Not for loan Collection code Home library Current library Shelving location Date acquired Total Checkouts Total Renewals Full call number Barcode Date last borrowed Copy number Price effective from Koha item type
    Library of Congress Classification     Non-fiction Bishop Okullu Memorial Library (Limuru Campus) Bishop Okullu Memorial Library (Limuru Campus) General Circulation 04/03/2009 23 1 BV1471.1 .E38 1987 002242 30/03/2023 2 04/03/2009 Book
    Library of Congress Classification     Non-fiction Nairobi Campus Nairobi Campus General Circulation 25/02/2009 10 1 BV1471.1 .E38 1987 001879 30/06/2016 1 25/02/2009 Book